| 000 | 01750nam a22003731i 4500 | ||
|---|---|---|---|
| 003 | OSt | ||
| 005 | 20201209150829.0 | ||
| 008 | 201118t20202020enk |||gr|||| 000 0 eng d | ||
| 020 |
_a9781474619288 _cRM 21.45 _qpaperback |
||
| 040 |
_aPPAK _beng _cPPAK _erda |
||
| 082 | 0 | 4 |
_223 _a614.4 |
| 090 | 0 | 0 |
_a614.4 _bGIO _dG |
| 100 | 1 |
_aGiordano, Paolo, _d1982- _eauthor. |
|
| 245 | 1 |
_aHow Contagion Works : _bScience, Awareness and Community in Times of Global Crises / _cPaolo Giordano ; Translated from the Italian by Alex Valente. |
|
| 264 | 1 |
_aLondon : _bWeidenfeld & Nicolson, _c 2020. |
|
| 264 | 4 | _c©2020. | |
| 300 |
_a68 pages ; _c18 cm |
||
| 336 |
_2rdacontent _atext |
||
| 337 |
_2rdamedia _aunmediated |
||
| 338 |
_2rdacarrier _avolume |
||
| 500 | _a"The essay that helped change the Covid-19 debate" -- Cover. | ||
| 520 |
_a"The Covid-19 pandemic is the most significant health emergency of our time. Writing from Italy in lockdown, physicist and novelist Paolo Giordano explains how disease spreads in our interconnected world: why it matters, how it impacts us, how we must react. Expanding his focus to include other forms of contagion - from the environmental crisis to fake news and xenophobia - Giordano shows us not just how we got here but also how we can work together to create change." _cBack cover. |
||
| 650 | 1 | 0 | _aEpidemics. |
| 650 | 1 | 0 |
_aCovid-19 _xInfection. |
| 650 | 0 |
_aCovid-19 _xPandemic. |
|
| 650 | 0 | _aCoronavirus infections. | |
| 650 | 0 | _aContagion (Social psychology). | |
| 650 | 0 |
_aCommunicable diseases _xEpidemiology. |
|
| 650 | 0 |
_aCommunicable diseases _xTransmission. |
|
| 650 | 0 | _aPreventive health services. | |
| 650 | 0 | _aSocial medicine. | |
| 700 | 1 |
_aValente, Alex. _etranslator. |
|
| 942 |
_2ddc _cB |
||
| 999 |
_c179970 _d179970 |
||